Skúšobníctvo v harmonizovanej oblasti : uvádzanie určeného výrobku na trh ES bakalárska práca

Enregistré dans:
Détails bibliographiques
Auteur principal: Spaček, Lukáš
Collectivité auteur: Obchodná fakulta EU. Katedra tovaroznalectva a kvality tovaru
Autres auteurs: Kristová, Ľudmila
Format: Livre
Langue:slovaque
Publié: Bratislava 2009
Tags: Ajouter un tag
Pas de tags, Soyez le premier à ajouter un tag!

MARC

LEADER 00000nam$a2200000$$$4500
001 0104224
005 20240319125440.2
041 0 |a slo 
044 |a SK 
245 1 0 |a Skúšobníctvo v harmonizovanej oblasti : uvádzanie určeného výrobku na trh ES  |b bakalárska práca  |c Lukáš Spaček ; škol. Ľudmila Kristová 
264 1 |a Bratislava  |c 2009 
300 |a 55 s. 
100 1 |a Spaček, Lukáš 
700 1 |a Kristová, Ľudmila 
710 2 |a Obchodná fakulta EU. Katedra tovaroznalectva a kvality tovaru